Светлая даль юности: [Повесть и воспоминания]

Bibliografiset tiedot
Päätekijä: Бубеннов М. С. Михаил Семенович
Yhteenveto:Исключено из фонда НТБ ТПУ
Kieli:venäjä
Julkaistu: Москва, Современник, 1986
Aineistotyyppi: MixedMaterials Kirja
KOHA link:https://koha.lib.tpu.ru/cgi-bin/koha/opac-detail.pl?biblionumber=133938

MARC

LEADER 00000nam0a2200000 4500
001 133938
005 20231031135506.0
020 |a RU  |b 86-87468 
035 |a (RuTPU)RU\TPU\book\145181 
090 |a 133938 
100 |a 20080324d1986 u y0rusy5003 ca 
101 0 |a rus 
102 |a RU 
105 |a y z 000ay 
200 1 |a Светлая даль юности  |e [Повесть и воспоминания]  |f М. С. Бубеннов 
210 |a Москва  |c Современник  |d 1986 
215 |a 301,[2] с.  |d 21 см 
327 1 |a Содерж.: Светлая даль юности: Повесть; Жизнь и слово: О времени и о себе 
333 |a Исключено из фонда НТБ ТПУ 
675 |a Р2  |z rus 
700 1 |a Бубеннов  |b М. С.  |g Михаил Семенович  |4 070 
801 0 |a RU  |b RuMRKP  |c 19950704  |g psbo 
801 1 |a RU  |b 63413507  |c 20080324  |g PSBO 
801 2 |a RU  |b 63413507  |c 20210511  |g PSBO 
942 |c BK